Philippine Provinces A-Z - Statistics

General Stats
  • This quiz has been taken 23 times
  • The average score is 40 of 81
Answer Stats
Regions Provinces % Correct
Central Luzon Bulacan
92%
Bicol Region Albay
85%
CAR Abra
69%
Caraga Region Agusan del Norte
69%
Caraga Region Agusan del Sur
69%
Western Visayas Aklan
69%
Western Visayas Antique
69%
CAR Apayao
69%
Central Luzon Aurora
69%
Central Luzon Bataan
69%
Bicol Region Camarines Norte
69%
Bicol Region Camarines Sur
69%
CAR Benguet
62%
CALABARZON Cavite
62%
Central Visayas Cebu
62%
CALABARZON Batangas
62%
Central Visayas Bohol
62%
Bicol Region Catanduanes
54%
Davao Region Davao del Norte
54%
Davao Region Davao del Sur
54%
Davao Region Davao Occidental
54%
Davao Region Davao Oriental
54%
Eastern Visayas Eastern Samar
54%
CALABARZON Laguna
54%
Ilocos Region La Union
54%
Central Luzon Nueva Ecija
54%
MIMAROPA Occidental Mindoro
54%
MIMAROPA Oriental Mindoro
54%
MIMAROPA Palawan
54%
CALABARZON Quezon
54%
CALABARZON Rizal
54%
Central Luzon Tarlac
54%
BARMM Basilan
46%
Eastern Visayas Biliran
46%
Northern Mindanao Bukidnon
46%
Cagayan Valley Cagayan
46%
Northern Mindanao Camiguin
46%
CAR Ifugao
46%
Ilocos Region Ilocos Norte
46%
Ilocos Region Ilocos Sur
46%
Western Visayas Iloilo
46%
Cagayan Valley Isabela
46%
CAR Kalinga
46%
Eastern Visayas Leyte
46%
MIMAROPA Marinduque
46%
Bicol Region Masbate
46%
Central Visayas Negros Oriental
46%
Western Visayas Northern Samar
46%
Central Luzon Pampanga
46%
Ilocos Region Pangasinan
46%
Cagayan Valley Quirino
46%
MIMAROPA Romblon
46%
Western Visayas Samar
46%
Bicol Region Sorsogon
46%
SOCCSKSARGEN South Cotabato
46%
Western Visayas Southern Leyte
46%
BARMM Sulu
46%
Central Luzon Zambales
46%
Cagayan Valley Batanes
38%
Western Visayas Capiz
38%
Davao Region Compostella Valley
38%
Caraga Region Dinagat Islands
38%
Western Visayas Guimaras
38%
Northern Mindanao Lanao del Norte
38%
BARMM Lanao del Sur
38%
BARMM Maguindanao
38%
Northern Mindanao Misamis Occidental
38%
Northern Mindanao Misamis Oriental
38%
CAR Mountain Province
38%
Eastern Visayas Negros Occidental
38%
Cagayan Valley Nueva Vizcaya
38%
SOCCSKSARGEN Sultan Kudarat
38%
Caraga Region Surigao del Norte
38%
Caraga Region Surigao del Sur
38%
BARMM Tawi-Tawi
38%
Zamboanga Peninsula Zamboanga del Norte
38%
Zamboanga Peninsula Zamboanga del Sur
38%
Zamboanga Peninsula Zamboanga Sibugay
38%
SOCCSKSARGEN Cotabato
31%
SOCCSKSARGEN Sarangani
31%
Central Visayas Siquijor
31%
No matching quizzes found
Score Distribution
Percent of People with Each Score
Percentile by Number Answered
Your Score History
You have not taken this quiz